Т. 1 : Заводская переработка животного отброса. Производство желтой синильной соли, фосфора, клея, аммониакальных солей и приготовление парижской и берлинской лазури: с 46 рисунками в тексте; Химическая технология по Боллею, профессору технической химии в Цюрихской политехнической школе, издаваемая под редакцией Ф. Лесгафта, препод. химии в Николаевском инжен. училище

Detalles Bibliográficos
Parent link:Химическая технология по Боллею, профессору технической химии в Цюрихской политехнической школе, издаваемая под редакцией Ф. Лесгафта, препод. химии в Николаевском инжен. училище: в 8-ми томах/ под ред. Ф. Лесгафта. Т. 1 : Заводская переработка животного отброса. Производство желтой синильной соли, фосфора, клея, аммониакальных солей и приготовление парижской и берлинской лазури.— , 1869-1875
Autor principal: Флек Г. Гуго
Otros Autores: Гейнеман А. (переводчик)
Sumario:Дозволено цензурою. Санктпетербург, 25 Октября 1868 года
Текст в русской дореформенной орфографии
Раздельная пагинация страниц
Lenguaje:ruso
Publicado: 1869
Materias:
Formato: Libro
KOHA link:https://koha.lib.tpu.ru/cgi-bin/koha/opac-detail.pl?biblionumber=362716

MARC

LEADER 00000nam2a2200000 4500
001 362716
005 20231102011522.0
035 |a (RuTPU)RU\TPU\retro\20062 
090 |a 362716 
100 |a 20210823d1869 m y0rusy50 ca 
101 1 |a rus  |c ger 
102 |a RU 
105 |a a z 001zy 
200 0 |a Т. 1 : Заводская переработка животного отброса. Производство желтой синильной соли, фосфора, клея, аммониакальных солей и приготовление парижской и берлинской лазури  |e с 46 рисунками в тексте  |f Г. Флек  |g пер. А. Гейнемана 
210 |d 1869 
215 |a 220, III с.  |c ил. 
300 |a Дозволено цензурою. Санктпетербург, 25 Октября 1868 года 
300 |a Текст в русской дореформенной орфографии 
300 |a Раздельная пагинация страниц 
316 |5 63413507: 42//134  |a На форзаце владельческий экслибрис Библиотеки ТТИ 
317 |5 63413507: 42//134  |a Поступил в НТБ в 1901 г. в составе книжной коллекции в дар от красноярского мецената А. П. Кузнецова 
320 |a Библиография в примечаниях 
461 1 |0 (RuTPU)RU\TPU\book\347821  |t Химическая технология по Боллею, профессору технической химии в Цюрихской политехнической школе, издаваемая под редакцией Ф. Лесгафта, препод. химии в Николаевском инжен. училище  |o в 8-ми томах  |f под ред. Ф. Лесгафта  |v Т. 1 : Заводская переработка животного отброса. Производство желтой синильной соли, фосфора, клея, аммониакальных солей и приготовление парижской и берлинской лазури  |d 1869-1875 
606 1 |a Химическая технология органических веществ  |2 stltpush  |3 (RuTPU)RU\TPU\subj\75441  |9 87224 
610 1 |a Коллекция А. П. Кузнецова 
610 1 |a владельческие знаки 
610 1 |a животные остатки 
610 1 |a применение 
610 1 |a соли 
610 1 |a фосфор 
610 1 |a клей 
610 1 |a производство 
675 |a 661.7  |v 4 
700 1 |a Флек  |b Г.  |g Гуго 
702 1 |a Гейнеман  |b А.  |4 730 
801 1 |a RU  |b 63413507  |c 20210823 
801 2 |a RU  |b 63413507  |c 20210823  |g RCR 
942 |c BK